000 00874nam a2200253 4500
001 11547
003 HDC
007 cr bn ---aaaaa
008 210207c dr|noo 0 a eng d
040 _aHDC
100 _aVanessa Tai
_eauthor
_911883
245 0 _aSingaporean Muslims share their favourite spots for breaking fast /
_cby Vanessa Tai
260 _a[No place] :
_bThe Straits Times SoShiok,
_c[no year]
336 _atext
_2rdacontent
337 _acomputer
_2rdamedia
338 _aonline resource
_2rdacarrier
650 _aHalal food
_950
650 _aHalal restaurants
_98233
710 _aThe Straits Times SoShiok
856 _zRequest full-text at [email protected]
942 _2lcc
942 _cNEWS
942 _kNWSO 002291
999 _c8870
_d8870